Random Trivia #3 - Flowers - Statistics

General Stats
  • This quiz has been taken 12 times
  • The average score is 10 of 16
Answer Stats
Picture Answer % Correct
Rose
100%
Sunflower
100%
Tulip
100%
Iris
90%
Marigold
90%
Hydrangea
80%
Dahlia
70%
Hyacinth
70%
Dandelion
60%
Tiger lily
60%
Cherry blossom
50%
Chrysanthemum
40%
Cornflower
30%
Lavender
20%
Mauve
0%
Periwinkle
0%
No matching quizzes found
Score Distribution
Percent of People with Each Score
Percentile by Number Answered
Your Score History
You have not taken this quiz